Logos de marques horlogères - Statistiques

Statistiques générales
  • Ce quiz a été pris 374 fois
  • Le résultat moyen est 8 sur 16
Statistiques - réponses
Par images Réponse % Correct
Omega
93%
Rolex
92%
Tissot
83%
Audemars Piguet
71%
Hublot
70%
Breitling
59%
Tudor
59%
Vacheron Constantin
54%
Patek Philippe
43%
Jaeger-LeCoultre
38%
Ulysse Nardin
32%
Longines
28%
Hamilton
21%
Festina
17%
Blancpain
13%
Ebel
5%
Aucun quiz correspondant
Distribution des résultats
% des personnes avec chaque résultat
Percentile par nombre de réponses
Votre historique - résultats
Vous n’avez pas pris ce quiz